[Event "Padova op-B 15th"]
[Site "Padova"]
[Date "2012.12.16"]
[Round "2"]
[White "Guerra, Alessandro"]
[Black "Marangoni, Simone"]
[Result "0-1"]
[WhiteElo "2200"]
[BlackElo "1877"]
[PlyCount "70"]
[EventDate "2012.12.15"]
[EventType "swiss"]
[EventRounds "6"]
[EventCountry "ITA"]
[SourceTitle "EXT 2015"]
[Source "ChessBase"]
[SourceDate "2014.11.20"]
[SourceVersion "1"]
[SourceVersionDate "2014.11.20"]
[SourceQuality "1"]

1. e4 g6 2. d4 Bg7 3. Nc3 d5 4. exd5 Nf6 5. Bb5+ Bd7 6. Be2 0-0 7. Nf3 Bf5 8. 0-0 Nxd5 9. Nxd5 Qxd5 10. c4 Qd6 11. Qb3 Nc6 12. d5 Na5 13. Qe3 Bg4 14. Bd2 b6 15. Bc3 Bxc3 16. Qxc3 Qf4 17. Rfe1 Rae8 18. g3 Qf6 19. Ne5 Bc8 20. Rac1 e6 21. b4 exd5 22. bxa5 Qxe5 23. cxd5 Qxd5 24. Bc4 Rxe1+ 25. Rxe1 Qc5 26. Re5 Qd6 27. h4 Bb7 28. Bf1 c5 29. Bg2 Bxg2 30. Kxg2 Rb8 31. a6 Qc6+ 32. f3 Qd6 33. Re2 Qd4 34. Qe1 Kg7 35. h5 gxh5 0-1

[Event "Padova op-B 15th"]
[Site "Padova"]
[Date "2012.12.15"]
[Round "1"]
[White "Marangoni, Simone"]
[Black "Simonetto, Alessio"]
[Result "1-0"]
[WhiteElo "1877"]
[BlackElo "1572"]
[PlyCount "63"]
[EventDate "2012.12.15"]
[EventType "swiss"]
[EventRounds "6"]
[EventCountry "ITA"]
[SourceTitle "EXT 2015"]
[Source "ChessBase"]
[SourceDate "2014.11.20"]
[SourceVersion "1"]
[SourceVersionDate "2014.11.20"]
[SourceQuality "1"]

1. d4 d5 2. c4 e6 3. Nc3 Nf6 4. Nf3 b6 5. e3 Bb7 6. b3 Nbd7 7. Be2 Be7 8. 0-0 Rc8 9. Bb2 0-0 10. Re1 c5 11. cxd5 Nxd5 12. Nxd5 Bxd5 13. Ba6 Rb8 14. e4 Bb7 15. Bxb7 Rxb7 16. d5 exd5 17. Qxd5 Qc7 18. Rad1 Rd8 19. Qf5 g6 20. Qh3 Bf6 21. e5 Bg7 22. Ng5 Nf8 23. Rxd8 Qxd8 24. Ne4 Re7 25. f4 Ne6 26. Qe3 Rd7 27. Nf6+ Bxf6 28. exf6 Rd2 29. f5 Qd5 30. Qg3 Qxf5 31. Rxe6 fxe6 32. Qb8+ 1-0

[Event "Mogliano Veneto op-B 32nd"]
[Site "Mogliano Veneto"]
[Date "2011.05.01"]
[Round "4"]
[White "Perissotto, Mario"]
[Black "Marangoni, Simone"]
[Result "0-1"]
[WhiteElo "1667"]
[BlackElo "1835"]
[PlyCount "64"]
[EventDate "2011.04.29"]
[EventType "swiss"]
[EventRounds "5"]
[EventCountry "ITA"]
[SourceTitle "EXT 2024"]
[Source "ChessBase"]
[SourceDate "2023.10.10"]
[SourceVersion "1"]
[SourceVersionDate "2023.10.10"]
[SourceQuality "1"]

1. e4 g6 2. d4 Bg7 3. c3 d6 4. Nf3 Nc6 5. h3 a6 6. Bd3 e5 7. d5 Nce7 8. Be3 f5 9. Qc2 fxe4 10. Bxe4 Nf6 11. c4 0-0 12. Nc3 Nf5 13. Bg5 Qe8 14. 0-0-0 b5 15. g4 Nxe4 16. Nxe4 Nd4 17. Nxd4 exd4 18. Rde1 Qf7 19. Rhf1 Bb7 20. Nxd6 cxd6 21. Re7 Bxd5 22. Rxf7 Bxf7 23. c5 dxc5 24. Kd2 Bc4 25. Be7 Rf7 26. Qd1 Bxf1 27. Qxf1 Rxe7 28. Qg2 Rae8 29. Kc2 c4 30. a3 d3+ 31. Kb1 Re2 32. Qd5+ Kh8 0-1

[Event "Condino op"]
[Site "Condino"]
[Date "2009.07.31"]
[Round "6"]
[White "Hortensius, Kees"]
[Black "Marangoni, Simone"]
[Result "0-1"]
[WhiteElo "1658"]
[BlackElo "1703"]
[PlyCount "76"]
[EventDate "2009.07.27"]
[EventType "swiss"]
[EventRounds "7"]
[EventCountry "ITA"]
[SourceTitle "CBM 131 Extra"]
[Source "ChessBase"]
[SourceDate "2009.09.03"]
[SourceVersion "2"]
[SourceVersionDate "2009.09.16"]
[SourceQuality "1"]

1. e4 d6 2. d4 Nf6 3. Nc3 g6 4. Bc4 Bg7 5. Nf3 0-0 6. Bb3 c6 7. a4 a5 8. 0-0 Na6 9. Bg5 Qc7 10. Re1 e6 11. Qd2 d5 12. e5 Ne8 13. Bh6 Qe7 14. Ne2 Nac7 15. c3 f5 16. exf6 Nxf6 17. Ng3 Ng4 18. Bxg7 Kxg7 19. h3 Nh6 20. Bc2 Nf5 21. Bxf5 gxf5 22. Ne5 h6 23. Nh5+ Kh7 24. Nf4 Rg8 25. Re3 Ne8 26. Rg3 Rxg3 27. fxg3 Nf6 28. Qe2 Qg7 29. Nfg6 b6 30. Nf4 Qxg3 31. Neg6 Ne4 32. Rf1 Ba6 33. Qh5 Qe3+ 34. Kh2 Qg3+ 35. Kg1 Bxf1 36. Ne7 Qe3+ 37. Kh2 Qxf4+ 38. Kg1 Qf2+ 0-1

[Event "Condino op"]
[Site "Condino"]
[Date "2009.07.30"]
[Round "5"]
[White "Marangoni, Simone"]
[Black "Bouanani, Denis"]
[Result "1-0"]
[WhiteElo "1703"]
[BlackElo "1533"]
[PlyCount "37"]
[EventDate "2009.07.27"]
[EventType "swiss"]
[EventRounds "7"]
[EventCountry "ITA"]
[SourceTitle "CBM 131 Extra"]
[Source "ChessBase"]
[SourceDate "2009.09.03"]
[SourceVersion "2"]
[SourceVersionDate "2009.09.16"]
[SourceQuality "1"]

1. c4 e6 2. Nc3 d5 3. cxd5 exd5 4. d4 Nf6 5. Nf3 c6 6. g3 Bd6 7. Bg2 0-0 8. 0-0 h6 9. Qc2 Be6 10. Nh4 Qd7 11. e4 Bc7 12. e5 Ne8 13. f4 Qc8 14. f5 Bd7 15. f6 g5 16. Nf3 Bh3 17. b3 Bxg2 18. Kxg2 Kh8 19. Bxg5 1-0

[Event "Condino op"]
[Site "Condino"]
[Date "2009.07.28"]
[Round "3"]
[White "Marangoni, Simone"]
[Black "Bondoni, Bernardino"]
[Result "0-1"]
[WhiteElo "1703"]
[BlackElo "1560"]
[PlyCount "65"]
[EventDate "2009.07.27"]
[EventType "swiss"]
[EventRounds "7"]
[EventCountry "ITA"]
[SourceTitle "CBM 131 Extra"]
[Source "ChessBase"]
[SourceDate "2009.09.03"]
[SourceVersion "2"]
[SourceVersionDate "2009.09.16"]
[SourceQuality "1"]

1. c4 c5 2. Nc3 d6 3. Nf3 Nf6 4. g3 e6 5. Bg2 Be7 6. 0-0 0-0 7. d3 Nc6 8. a3 b6 9. Rb1 Bb7 10. b4 cxb4 11. axb4 Qc7 12. Bf4 e5 13. Bd2 Rfd8 14. Be3 d5 15. Nb5 Qd7 16. Bd2 dxc4 17. dxc4 e4 18. Bc3 exf3 19. Bxf3 a6 20. Na3 Rab8 21. Qb3 Na7 22. Rfd1 Qc7 23. Bd2 Bxf3 24. Qxf3 Qb7 25. Qe3 Qe4 26. Qc3 Qxe2 27. Re1 Qxd2 28. Qxd2 Rxd2 29. Rxe7 Nc6 30. Re3 h6 31. b5 axb5 32. Nxb5 Na5 33. Na3 0-1

[Event "Condino op"]
[Site "Condino"]
[Date "2009.07.28"]
[Round "2"]
[White "Poletti, Fausto"]
[Black "Marangoni, Simone"]
[Result "1/2-1/2"]
[WhiteElo "1894"]
[BlackElo "1703"]
[PlyCount "147"]
[EventDate "2009.07.27"]
[EventType "swiss"]
[EventRounds "7"]
[EventCountry "ITA"]
[SourceTitle "CBM 131 Extra"]
[Source "ChessBase"]
[SourceDate "2009.09.03"]
[SourceVersion "2"]
[SourceVersionDate "2009.09.16"]
[SourceQuality "1"]

1. Nf3 Nf6 2. c4 g6 3. Nc3 Bg7 4. g3 0-0 5. Bg2 d6 6. 0-0 Bg4 7. d3 Nc6 8. Rb1 Qd7 9. b4 Bh3 10. b5 Nd8 11. Qb3 Bxg2 12. Kxg2 b6 13. e4 Ne6 14. a4 Nc5 15. Qc2 e5 16. Nh4 Nh5 17. Qe2 Bf6 18. Nf3 Qg4 19. h3 Qd7 20. Nh2 Bg7 21. g4 Nf4+ 22. Bxf4 exf4 23. Nd5 Nxa4 24. Qc2 Nc5 25. Nxf4 f5 26. f3 fxe4 27. fxe4 Be5 28. Nd5 Ne6 29. Qd2 g5 30. Nf3 Nf4+ 31. Nxf4 Bxf4 32. Qa2 Qe6 33. Nd4 Qh6 34. Nf5 Qe6 35. Rf3 Kh8 36. Rbf1 h6 37. Qe2 a5 38. bxa6 Rxa6 39. R3f2 Rfa8 40. Qb2+ Be5 41. Qb5 Ra2 42. Qc6 Rxf2+ 43. Rxf2 Rc8 44. Ra2 Kh7 45. Ra7 Qf7 46. Rb7 Kg6 47. Rxb6 h5 48. gxh5+ Kxh5 49. Rb5 Qe6 50. Qd5 Qf6 51. Qb7 Qd8 52. Qc6 Qf6 53. Rb7 g4 54. hxg4+ Kxg4 55. Qd7 Rg8 56. Nh6+ Kf4+ 57. Nxg8 Qg5+ 58. Kf1 Kg3 59. Ke2 Bd4 60. Kd1 Qe3 61. Rb3 Qf3+ 62. Kc2 Qe2+ 63. Kc1 Qe1+ 64. Kc2 Qe2+ 65. Kc1 Be3+ 66. Kb1 Qd1+ 67. Ka2 Bd4 68. Rb2 Bxb2 69. Kxb2 Qd2+ 70. Ka1 Qc3+ 71. Ka2 Qc2+ 72. Ka1 Qc3+ 73. Ka2 Qc2+ 74. Ka1 1/2-1/2

[Event "Padova Fornace op 4th"]
[Site "Padova"]
[Date "2001.12.23"]
[Round "6.15"]
[White "Alessi, Giovanni"]
[Black "Marangoni, Simone"]
[Result "0-1"]
[WhiteElo "1389"]
[BlackElo "1633"]
[PlyCount "92"]
[EventDate "2001.12.15"]
[EventType "swiss"]
[EventRounds "6"]
[EventCountry "ITA"]
[SourceTitle "EXT 2024"]
[Source "ChessBase"]
[SourceDate "2023.10.10"]
[SourceVersion "1"]
[SourceVersionDate "2023.10.10"]
[SourceQuality "1"]

1. d4 Nf6 2. c4 g6 3. Nc3 Bg7 4. e3 0-0 5. Nf3 d6 6. Be2 c6 7. 0-0 Nbd7 8. Bd2 Qc7 9. Qc1 e5 10. e4 exd4 11. Nxd4 Re8 12. Bh6 Nxe4 13. Bxg7 Kxg7 14. Nxe4 Rxe4 15. Qc3 Nf6 16. Bf3 Re8 17. Rfe1 Bd7 18. a3 Qd8 19. Rxe8 Qxe8 20. Re1 Qd8 21. Qe3 Ne8 22. Qe7 Qxe7 23. Rxe7 Nf6 24. h3 Re8 25. Re3 Rxe3 26. fxe3 Ng8 27. e4 Ne7 28. Kf2 f5 29. Ke3 Kf6 30. b4 fxe4 31. Bxe4 Nf5+ 32. Nxf5 Bxf5 33. b5 Bxe4 34. Kxe4 cxb5 35. cxb5 Ke6 36. g4 b6 37. Kd4 d5 38. h4 h6 39. a4 Kd6 40. h5 g5 41. Ke3 Ke5 42. Kf3 d4 43. Ke2 Ke4 44. Kd2 d3 45. Ke1 Ke3 46. Kd1 d2 0-1

[Event "Padova Fornace op 4th"]
[Site "Padova"]
[Date "2001.12.16"]
[Round "2.13"]
[White "Marangoni, Simone"]
[Black "Roberti, Ignazio"]
[Result "0-1"]
[WhiteElo "1633"]
[BlackElo "1796"]
[PlyCount "104"]
[EventDate "2001.12.15"]
[EventType "swiss"]
[EventRounds "6"]
[EventCountry "ITA"]
[SourceTitle "EXT 2024"]
[Source "ChessBase"]
[SourceDate "2023.10.10"]
[SourceVersion "1"]
[SourceVersionDate "2023.10.10"]
[SourceQuality "1"]

1. c4 e6 2. Nc3 d5 3. cxd5 exd5 4. d4 Nf6 5. a3 c6 6. Nf3 Nbd7 7. g3 Bd6 8. Bg2 0-0 9. 0-0 Re8 10. Bg5 h6 11. Bd2 Nf8 12. e3 Bg4 13. Qc2 Qd7 14. Nh4 Bh3 15. f4 Bxg2 16. Kxg2 Ne4 17. Nxe4 Rxe4 18. Nf3 Qf5 19. Qd1 Ng6 20. h3 Rae8 21. Ne5 h5 22. g4 hxg4 23. hxg4 Qf6 24. Rh1 Bxe5 25. dxe5 Nxe5 26. fxe5 Qxe5 27. Qf3 Qxb2 28. Raf1 f6 29. Rf2 Qe5 30. Rh5 Qe6 31. Rf5 Re5 32. Rf4 Re4 33. Rf5 Re5 34. Rf4 Qf7 35. Qh3 Qg6 36. Kf3 Re4 37. Rf5 R4e5 38. Rh2 Kf7 39. Rxe5 Rxe5 40. Qg3 Qe4+ 41. Kf2 d4 42. Qf3 dxe3+ 43. Bxe3 Qc2+ 44. Kg3 Qd3 45. Bc5 Qxf3+ 46. Kxf3 Rxc5 47. Rd2 Ke7 48. Rb2 b6 49. Re2+ Re5 50. Rc2 Kd6 51. Rd2+ Rd5 52. Re2 Rd3+ 0-1

[Event "Padova Fornace op 4th"]
[Site "Padova"]
[Date "2001.12.16"]
[Round "3.16"]
[White "Pomaro, Stefano"]
[Black "Marangoni, Simone"]
[Result "1/2-1/2"]
[WhiteElo "1713"]
[BlackElo "1633"]
[PlyCount "73"]
[EventDate "2001.12.15"]
[EventType "swiss"]
[EventRounds "6"]
[EventCountry "ITA"]
[SourceTitle "EXT 2024"]
[Source "ChessBase"]
[SourceDate "2023.10.10"]
[SourceVersion "1"]
[SourceVersionDate "2023.10.10"]
[SourceQuality "1"]

1. e4 d6 2. d4 Nf6 3. Nc3 g6 4. f3 Bg7 5. Be3 0-0 6. Qd2 c6 7. Nge2 Nbd7 8. g4 e5 9. Ng3 b5 10. 0-0-0 Ne8 11. h4 Qa5 12. Kb1 exd4 13. Bxd4 Bxd4 14. Qxd4 Ne5 15. h5 g5 16. Qe3 h6 17. Nf5 Bxf5 18. exf5 Nc4 19. Bxc4 bxc4 20. f4 Qb6 21. Qxb6 axb6 22. fxg5 hxg5 23. Ne4 d5 24. Nxg5 Nf6 25. h6 Nh7 26. Nxh7 Kxh7 27. g5 Rg8 28. Rdg1 Rae8 29. Rg2 Re5 30. Rf1 f6 31. g6+ Kxh6 32. Rh1+ Kg7 33. Rh7+ Kf8 34. Rf7+ Ke8 35. Kc1 Rxf5 36. Rb7 Kf8 37. Rf7+ 1/2-1/2

[Event "Padova Fornace op 4th"]
[Site "Padova"]
[Date "2001.12.15"]
[Round "1.33"]
[White "Trimboli, Carlo"]
[Black "Marangoni, Simone"]
[Result "0-1"]
[WhiteElo "1449"]
[BlackElo "1633"]
[PlyCount "92"]
[EventDate "2001.12.15"]
[EventType "swiss"]
[EventRounds "6"]
[EventCountry "ITA"]
[SourceTitle "EXT 2024"]
[Source "ChessBase"]
[SourceDate "2023.10.10"]
[SourceVersion "1"]
[SourceVersionDate "2023.10.10"]
[SourceQuality "1"]

1. e4 d6 2. Nf3 g6 3. d4 Bg7 4. Nc3 Nf6 5. Bg5 0-0 6. h3 c6 7. Bd3 Nbd7 8. 0-0 h6 9. Bf4 Nh5 10. Bh2 b5 11. a3 Qb6 12. Ne2 c5 13. c3 c4 14. Bc2 Bb7 15. d5 Nc5 16. Nf4 Nf6 17. Nd2 e6 18. b4 cxb3 19. Bxb3 e5 20. Ne2 Nfxe4 21. Kh1 Nxb3 22. Nxe4 Nxa1 23. Qxa1 Bxd5 24. f3 f5 25. Bg1 Qc6 26. Nd2 e4 27. Nd4 Qe8 28. Re1 Qf7 29. Nxb5 exf3 30. gxf3 Qd7 31. Nd4 Bxd4 32. cxd4 Qc6 33. Rf1 Rfe8 34. Rf2 Re7 35. Qb1 Rae8 36. Qf1 Re3 37. Qg2 Kh7 38. Qg3 Re2 39. Kg2 Rxf2+ 40. Qxf2 Qb5 41. Qg3 Re2+ 42. Bf2 Rxd2 43. Qxd6 Bf7 44. Qc7 Qb3 45. Qe5 Qa2 46. Qe3 Re2 0-1

[Event "Padova op-B 2nd"]
[Site "Padova"]
[Date "1999.12.19"]
[Round "6.23"]
[White "Marangoni, Simone"]
[Black "Logallo, Claudio"]
[Result "1/2-1/2"]
[WhiteElo "1690"]
[BlackElo "1600"]
[PlyCount "87"]
[EventDate "1999.12.11"]
[EventType "swiss"]
[EventRounds "6"]
[EventCountry "ITA"]
[SourceTitle "EXT 2024"]
[Source "ChessBase"]
[SourceDate "2023.10.10"]
[SourceVersion "1"]
[SourceVersionDate "2023.10.10"]
[SourceQuality "1"]

1. c4 e5 2. Nc3 Nf6 3. Nf3 Nc6 4. d3 d5 5. cxd5 Nxd5 6. Bg5 f6 7. Bd2 Be6 8. g3 Bc5 9. Bg2 Bb6 10. 0-0 Qd7 11. Na4 Bh3 12. Nxb6 axb6 13. Qb3 Nde7 14. a3 h5 15. Bb4 h4 16. Bxe7 Nxe7 17. Qc4 Bxg2 18. Kxg2 hxg3 19. fxg3 0-0-0 20. Rac1 Nd5 21. Kf2 Kb8 22. e4 Ne7 23. Rc3 Nc6 24. Kg1 Nd4 25. Nxd4 Qxd4+ 26. Qxd4 Rxd4 27. Rfc1 c6 28. Rd1 Rhd8 29. Kf2 Rxe4 30. Kf3 Red4 31. Ke3 R4d7 32. Rc4 Rd4 33. Rc3 e4 34. Rd2 Rxd3+ 35. Rcxd3 Rxd3+ 36. Rxd3 exd3 37. Kxd3 Kc7 38. Ke4 g6 39. g4 Kd6 40. h4 Ke6 41. Kf4 Kf7 42. Ke4 b5 43. Kf4 Kg8 44. Ke4 1/2-1/2

[Event "Padova op-B 2nd"]
[Site "Padova"]
[Date "1999.12.18"]
[Round "4.20"]
[White "Pomaro, Stefano"]
[Black "Marangoni, Simone"]
[Result "1-0"]
[WhiteElo "1611"]
[BlackElo "1690"]
[PlyCount "73"]
[EventDate "1999.12.11"]
[EventType "swiss"]
[EventRounds "6"]
[EventCountry "ITA"]
[SourceTitle "EXT 2024"]
[Source "ChessBase"]
[SourceDate "2023.10.10"]
[SourceVersion "1"]
[SourceVersionDate "2023.10.10"]
[SourceQuality "1"]

1. e4 Nf6 2. e5 Nd5 3. Nc3 e6 4. Nxd5 exd5 5. d4 Be7 6. Qf3 c6 7. Qg3 g6 8. Nf3 d6 9. Bf4 dxe5 10. Bxe5 0-0 11. Bxb8 Bf5 12. Bc7 Bb4+ 13. c3 Re8+ 14. Kd2 Qe7 15. Re1 Qf8 16. Bd3 Bxd3 17. Kxd3 Be7 18. h4 b6 19. h5 Qg7 20. hxg6 fxg6 21. Be5 Qf7 22. Qf4 Rf8 23. Qxf7+ Rxf7 24. Bg3 c5 25. Ne5 Rg7 26. Nc6 Bf6 27. Be5 Bxe5 28. Nxe5 cxd4 29. Kxd4 Re8 30. Ng4 Rf8 31. f3 h5 32. Ne3 Rd7 33. Nxd5 Rfd8 34. Re5 Kf7 35. c4 b5 36. b3 a6 37. Rhe1 1-0

[Event "Padova op-B 2nd"]
[Site "Padova"]
[Date "1980.12.12"]
[Round "3.21"]
[White "Marangoni, Simone"]
[Black "De Nard, Stefano"]
[Result "1/2-1/2"]
[WhiteElo "1690"]
[BlackElo "1554"]
[PlyCount "82"]
[EventDate "1999.12.11"]
[EventType "swiss"]
[EventRounds "6"]
[EventCountry "ITA"]
[SourceTitle "EXT 2024"]
[Source "ChessBase"]
[SourceDate "2023.10.10"]
[SourceVersion "1"]
[SourceVersionDate "2023.10.10"]
[SourceQuality "1"]

1. Nf3 Nf6 2. c4 g6 3. Nc3 Bg7 4. e4 d6 5. d4 0-0 6. h3 c5 7. d5 Na6 8. Be2 e5 9. Bg5 Qa5 10. 0-0 h6 11. Bd2 Ne8 12. Qc1 Kh7 13. Nh2 f5 14. f4 exf4 15. Bxf4 g5 16. Bd2 Qd8 17. exf5 Bxf5 18. Rxf5 Rxf5 19. Bd3 Qf6 20. Qc2 Qd4+ 21. Kh1 Nb4 22. Bxf5+ Kh8 23. Qd1 Qf2 24. Bg4 Nd3 25. Qe2 Qd4 26. Rf1 Nxb2 27. Nf3 Qxc4 28. Qxc4 Nxc4 29. Ne4 Nf6 30. Nxf6 Bxf6 31. Bc1 Kg7 32. Be6 b5 33. Nh2 Bd4 34. Ng4 b4 35. Rf3 Ne5 36. Nxe5 Bxe5 37. a3 a5 38. Rb3 c4 39. Rb1 b3 40. Bb2 Bxb2 41. Rxb2 a4 1/2-1/2